Transmission monetärer Impulse in Europa inauguraldissertation zur erlangung der Würde eines Doktors ...

Salvato in:
Dettagli Bibliografici
Autore principale: Müller-Kamp, Martina Johanna
Natura: Libro
Lingua:tedesco
Pubblicazione: Bochum Ruhr-Universität Bochum 2000
Soggetti:
Tags: Aggiungi Tag
Nessun Tag, puoi essere il primo ad aggiungerne!!

MARC

LEADER 00000nam a2200000 4500
001 c129233
005 20250509100854.3
041 0 |a ger 
044 |a DE 
245 1 0 |a Transmission monetärer Impulse in Europa  |b inauguraldissertation zur erlangung der Würde eines Doktors ...  |c vorgelegt von Martina Johanna Müller-Kamp 
264 1 |a Bochum  |b Ruhr-Universität Bochum  |c 2000 
300 |a 319 s. 
610 2 0 |a politika peňažná 
610 2 0 |a peniaze 
610 2 0 |a úrok 
610 2 0 |a ceny 
610 2 0 |a modely 
610 2 0 |a banky 
610 2 0 |a pôžičky 
610 2 0 |a výskum 
610 2 0 |a modely ekonometrické 
610 2 0 |a úver 
610 2 0 |a trh 
610 2 0 |a kontrakty 
610 2 0 |a papiere cenné 
610 2 0 |a financovanie 
610 2 0 |a inštitúcia 
610 2 0 |a analýzy 
610 2 0 |a Európa 
100 1 |a Müller-Kamp, Martina Johanna